Справочник по наладке автоматических устройств контроля и регулирования: в 2 частях

Bibliographic Details
Other Authors: Дубровный В. А. Виктор Афанасьевич, Забокрицкий Е. И. Евгений Иосифович, Трегуб В. Г. Виктор Григорьевич, Холодовский Б. А. Борис Абрамович
Language:Russian
Published: Киев, Наука думка, 1981-
Edition:2-е изд., испр. и доп.
Format: Book
KOHA link:https://koha.lib.tpu.ru/cgi-bin/koha/opac-detail.pl?biblionumber=77549

MARC

LEADER 00000nam1a2200000 4500
001 77549
005 20231031093051.0
035 |a (RuTPU)RU\TPU\book\83150 
035 |a RU\TPU\book\36877 
090 |a 77549 
100 |a 20050524d1981 m y0rusy50 ca 
101 0 |a rus 
102 |a UA 
200 1 |a Справочник по наладке автоматических устройств контроля и регулирования  |e в 2 частях  |f В. А. Дубровный, Е. И. Забокрицкий, В. Г. Трегуб, Б. А. Холодовский 
205 |a 2-е изд., испр. и доп. 
210 |a Киев  |c Наука думка  |d 1981- 
701 1 |a Дубровный  |b В. А.  |g Виктор Афанасьевич 
701 1 |a Забокрицкий  |b Е. И.  |g Евгений Иосифович 
701 1 |a Трегуб  |b В. Г.  |g Виктор Григорьевич 
701 1 |a Холодовский  |b Б. А.  |g Борис Абрамович 
801 0 |a UA  |b 63413507  |c 20011210  |g PSBO 
801 2 |a RU  |b 63413507  |c 20050524  |g PSBO 
942 |c BK